000 00268nam a2200109Ia 4500
008 190216s9999||||xx |||||||||||||| ||und||
100 _aK C Keshavapilla
245 0 _aMahakavi K C Yude Vasantha Kritjikal
260 _bNull
650 _aMalayalam Kavitha
942 _cBK
999 _c23611
_d23611